|
|
|
|
| LEADER |
01015nam a2200277 a 4500 |
| 001 |
150863 |
| 008 |
111017s1999 inua 001 0 eng d |
| 010 |
|
|
|a 98088367
|
| 020 |
|
|
|a 8176353213
|
| 020 |
|
|
|a 0672315327
|
| 040 |
|
|
|a DLC
|c DLC
|d DLC
|d BD-DhAAL
|
| 082 |
0 |
0 |
|a 004.165
|2 21
|
| 100 |
1 |
|
|a Norton, Peter,
|d 1943-
|
| 245 |
1 |
0 |
|a Peter Norton's inside the PC /
|c Peter Norton, John Goodman.
|
| 246 |
3 |
0 |
|a Inside the PC
|
| 250 |
|
|
|a 8th ed.
|
| 260 |
|
|
|a Indianapolis, IN :
|b Sams ;
|a New Delhi :
|b Techmedia,
|c c1999.
|
| 300 |
|
|
|a xxiv, 816 p. :
|b ill. ;
|c 24 cm.
|
| 500 |
|
|
|a Includes index
|
| 541 |
|
|
|e 00012373
|
| 650 |
|
0 |
|a IBM microcomputers.
|
| 650 |
|
0 |
|a IBM Personal System/2 (Computer system)
|
| 700 |
1 |
|
|a Goodman, John M.,
|d 1939-
|
| 852 |
1 |
|
|a Ayesha Abed Library
|j General shelf
|
| 999 |
|
|
|c 11343
|d 11343
|
| 952 |
|
|
|0 0
|1 0
|2 ddc
|4 0
|6 004_165000000000000_NOR
|7 0
|9 18420
|a BRACUL
|b BRACUL
|c GEN
|d 2011-10-18
|l 4
|m 56
|o 004.165 NOR
|p 3010012373
|r 2019-09-15
|s 2019-05-12
|t 1
|w 2011-10-18
|y BK
|x Price not available in Register
|